| 000 | 00524pab a2200205 454500 | ||
|---|---|---|---|
| 008 | 180718b2012 xxu||||| |||| 00| 0 eng d | ||
| 100 | _aBhagavathy, Sunanda | ||
| 245 | _aAccess to justice for victims: Approaching the all women police station - a SWOT analysis | ||
| 260 | _c2012 | ||
| 300 | _ap.100-114. | ||
| 362 | _aJul-Sept | ||
| 650 | _aWomen | ||
| 650 | _aPolice | ||
| 650 | _aCrime | ||
| 650 | _aJustice | ||
| 700 | _aShekhar, Beulah | ||
| 773 | _aIndian Policer Journal | ||
| 908 | _aN | ||
| 909 | _a98719 | ||
| 999 |
_c98718 _d98718 |
||